[Event "BCF-ch U12"]
[Site "Hull"]
[Date "2018.08.04"]
[Round "7"]
[White "Aubury, Benjamin"]
[Black "Yu, Leo"]
[Result "1/2-1/2"]
[WhiteElo "1697"]
[BlackElo "1506"]
[PlyCount "45"]
[EventDate "2018.07.29"]
[EventType "swiss"]
[EventRounds "7"]
[EventCountry "ENG"]
[SourceTitle "CBM 186 Extra"]
[Source "ChessBase"]
[SourceDate "2018.08.24"]
[SourceVersion "1"]
[SourceVersionDate "2018.08.24"]
[SourceQuality "1"]

1. d4 d5 2. Bf4 Nf6 3. e3 c5 4. c3 Nc6 5. Nd2 Bf5 6. Qb3 Qb6 7. Ngf3 c4 8. Qxb6 axb6 9. Nh4 Bg6 10. Nxg6 hxg6 11. h3 e6 12. e4 Be7 13. Be2 b5 14. Bf3 b4 15. 0-0 0-0 16. Bg5 Rfd8 17. Rfe1 b5 18. e5 bxc3 19. bxc3 Nd7 20. Bxe7 Nxe7 21. a3 Rdb8 22. Reb1 Nf5 23. Bg4 1/2-1/2

[Event "BCF-ch U12"]
[Site "Llandudno"]
[Date "2017.08.05"]
[Round "7"]
[White "Khan, Samir"]
[Black "Yu, Leo"]
[Result "0-1"]
[WhiteElo "1480"]
[BlackElo "1359"]
[PlyCount "104"]
[EventDate "2017.07.30"]
[EventType "swiss"]
[EventRounds "7"]
[EventCountry "WLS"]
[SourceTitle "CBM 179 Extra"]
[Source "ChessBase"]
[SourceDate "2017.08.23"]
[SourceVersion "1"]
[SourceVersionDate "2017.08.23"]
[SourceQuality "1"]

1. e4 d5 2. exd5 Nf6 3. Nf3 Nxd5 4. d4 Bg4 5. h3 Bh5 6. Be2 Nc6 7. 0-0 e6 8. c4 Nb6 9. Be3 Qd7 10. b3 Be7 11. Nbd2 Bg6 12. Re1 Bb4 13. a3 Bc3 14. Ra2 0-0-0 15. Qc1 Bxd4 16. Nxd4 Nxd4 17. c5 Nxe2+ 18. Rxe2 Nd5 19. Nc4 Qb5 20. Reb2 Nxe3 21. Nxe3 f5 22. Qc3 f4 23. Ng4 Rd3 24. Qxg7 Rd1+ 25. Kh2 Rhd8 26. Qf6 Bf5 27. Re2 Qd3 28. Rab2 f3 29. Re3 Rh1+ 30. Kg3 fxg2 31. Kxg2 Qf1+ 32. Kf3 Qxh3+ 33. Ke2 Bxg4+ 34. Rf3 Bxf3+ 35. Qxf3 Qxf3+ 36. Kxf3 Rg1 37. Ke4 h5 38. f3 h4 39. Rh2 Rh8 40. Ke3 h3 41. Kf2 Rg2+ 42. Rxg2 hxg2 43. Kxg2 Rd8 44. Kf2 Rd3 45. Kg3 Rxb3 46. Kg4 Rxa3 47. Kf4 Rd3 48. Ke4 Rd5 49. f4 a5 50. Ke3 a4 51. Ke4 c6 52. Ke3 a3 0-1

[Event "BCF-ch U12"]
[Site "Llandudno"]
[Date "2017.08.02"]
[Round "4"]
[White "Yu, Leo"]
[Black "Potel, Tobias"]
[Result "1-0"]
[WhiteElo "1359"]
[BlackElo "1555"]
[PlyCount "87"]
[EventDate "2017.07.30"]
[EventType "swiss"]
[EventRounds "7"]
[EventCountry "WLS"]
[SourceTitle "CBM 179 Extra"]
[Source "ChessBase"]
[SourceDate "2017.08.23"]
[SourceVersion "1"]
[SourceVersionDate "2017.08.23"]
[SourceQuality "1"]

1. e4 e5 2. Nf3 Nc6 3. c3 Nf6 4. d4 exd4 5. e5 Qe7 6. cxd4 d6 7. Bb5 Bd7 8. 0-0 dxe5 9. dxe5 Ne4 10. Re1 Nc5 11. Bxc6 Bxc6 12. Nc3 Ne6 13. Nd4 0-0-0 14. Nxc6 bxc6 15. Qa4 Qc5 16. Be3 Qxe5 17. Qxc6 Bc5 18. Qa8+ Kd7 19. Rad1+ Ke7 20. Nd5+ Kd6 21. Bxc5+ Nxc5 22. Nf4+ Ke7 23. Rxe5+ Ne6 24. Rxd8 Rxd8 25. Qxd8+ Kxd8 26. Nxe6+ fxe6 27. Rxe6 Kd7 28. Ra6 h5 29. Kf1 g5 30. Ke2 h4 31. Kf3 h3 32. gxh3 g4+ 33. hxg4 c5 34. g5 Ke7 35. g6 Kf8 36. Rxa7 c4 37. g7+ Kg8 38. Kf4 Kh7 39. Kf5 Kg8 40. Kf6 c3 41. Ra8+ Kh7 42. g8Q+ Kh6 43. bxc3 Kh5 44. Qg5# 1-0